=LDR 00000nam 2200000 4500 =001 INLIS000000000810181 =005 20251106011831 =035 ##$$a 0010-1125000035 =245 ##$$a Kuburan Agung Menyingkap Fenomena Ketergantungan Kepada Para Wali /$c Mamduh Farhan al-Buhairi =250 ##$$a Cet. 1 =260 ##$$a Jakarta : :$b Darul Haq, =082 ##$$a 297.21 =084 ##$$a 297.21 KUB k =020 ##$$a 9789793407708